Normal view
MARC view
Entry Personal Name
001 - CONTROL NUMBER
- control field: 11598
003 - CONTROL NUMBER IDENTIFIER
- control field: OSt
005 - DATE AND TIME OF LATEST TRANSACTION
- control field: 20211105133415.0
008 - FIXED-LENGTH DATA ELEMENTS
- fixed length control field: 211105|| aca||aabn | a|a d
040 ## - CATALOGING SOURCE
- Original cataloging agency: OSt
- Transcribing agency: OSt
100 ## - HEADING--PERSONAL NAME
- Personal name: Papagiannis, M. D., ed
670 ## - SOURCE DATA FOUND
- Source citation: Work cat.: (OSt): Joint Session of Commissions 16, 40, and 44, on Strategies for the Search for Life in the Universe Montral,Canada 1979 Aug. 15-16 11597, Strategies for the search for life in the universe, 1980